Better, stronger, faster : the myth of American decline-- and the rise of a new economy /

An optimistic assessment of America's economic prospects examines positive trends that indicate imminent improvements, explaining how America is tapping the same strengths that enabled recovery after the Great Depression.

Bibliographic Details
Main Author: Gross, Daniel, 1967-
Format: Book
Language:English
Published: New York : Free Press, [2012]
Edition:1st Free Press hardcover ed.
Subjects:
Online Access:Contributor biographical information
Publisher description

MARC

Tag First Indicator Second Indicator Subfields
LEADER 00000cam a2200000 a 4500
001 in00002781816
005 20170310101459.0
008 120202s2012 nyu b 001 0 eng
010 |a  2012004764 
020 |a 9781451621280 (hbk.) 
020 |a 1451621280 (hbk.) 
020 |z 9781451621365 (ebook) 
035 |a (OCoLC)ocn709673148 
040 |a DLC  |c DLC  |d TXA  |d UtOrBLW 
043 |a n-us--- 
049 |a TXAM 
050 0 0 |a HC106.84  |b .G76 2012 
090 |a HC106.84  |b G76 2012 
100 1 |a Gross, Daniel,  |d 1967- 
245 1 0 |a Better, stronger, faster :  |b the myth of American decline-- and the rise of a new economy /  |c Daniel Gross. 
250 |a 1st Free Press hardcover ed. 
264 1 |a New York :  |b Free Press,  |c [2012] 
264 4 |c ©2012 
300 |a vii, 260 pages ;  |c 24 cm. 
336 |a text  |b txt  |2 rdacontent 
337 |a unmediated  |b n  |2 rdamedia 
338 |a volume  |b nc  |2 rdacarrier 
504 |a Includes bibliographical references and index. 
505 0 |a The rise of decline -- The myth of American decline -- Faster policy -- Better : restructuring nation -- Stronger: the efficiency economy -- The myth of international irrelevance : foreign direct investment -- The myth of not making stuff the world wants -- The world of new exports -- Inports -- More like North Dakota -- Reshoring and insourcing -- The efficient consumer -- Supersize nation : scale, scope, and systems -- Conclusion : the myth of American decline. 
520 |a An optimistic assessment of America's economic prospects examines positive trends that indicate imminent improvements, explaining how America is tapping the same strengths that enabled recovery after the Great Depression. 
651 0 |a United States  |x Economic policy  |y 2009- 
651 0 |a United States  |x Foreign economic relations. 
651 0 |a United States  |x Commerce. 
650 0 |a Industrial policy  |z United States. 
650 0 |a Economic stabilization  |z United States. 
856 4 2 |3 Contributor biographical information  |u http://catdir.loc.gov/catdir/enhancements/fy1206/2012004764-b.html  |t 0 
856 4 2 |3 Publisher description  |u http://catdir.loc.gov/catdir/enhancements/fy1206/2012004764-d.html  |t 0 
948 |a cataloged  |b h  |c 2012/9/13  |d c  |e dmitchel  |f 2:20:20 pm 
994 |a C0  |b TXA 
999 |a MARS 
999 f f |s c97fb7b9-2dfa-367c-85cc-4af06ac2c48a  |i 45f266f8-dd58-3b43-9295-981531f6a62f  |t 0 
952 f f |p ric  |a Texas A&M University  |b Rellis Campus  |c Joint Library Facility  |d Remote Storage  |t 0  |e HC106.84 G76 2012  |h Library of Congress classification  |i unmediated -- volume  |m A14838746425 
998 f f |a HC106.84 G76 2012  |t 0  |l Remote Storage